Bureaucracy in a developing society like India (Record no. 4990)

000 -LEADER
fixed length control field 00422pab a2200145 454500
008 - FIXED-LENGTH DATA ELEMENTS--GENERAL INFORMATION
fixed length control field 180718b1986 xxu||||| |||| 00| 0 eng d
100 ## - MAIN ENTRY--PERSONAL NAME
Personal name Patil, V.T.
245 ## - TITLE STATEMENT
Title Bureaucracy in a developing society like India
Remainder of title Its adequacies and limitations
260 ## - PUBLICATION, DISTRIBUTION, ETC.
Date of publication, distribution, etc. 1986
300 ## - PHYSICAL DESCRIPTION
Extent 98-107
650 ## - SUBJECT ADDED ENTRY--TOPICAL TERM
Topical term or geographic name entry element Bureaucracy - India
700 ## - ADDED ENTRY--PERSONAL NAME
Personal name K.P. Singh
773 ## - HOST ITEM ENTRY
Main entry heading Journal of Karnataka University (Social Sciences)
909 ## -
-- 4990
Holdings
Withdrawn status Lost status Damaged status Not for loan Permanent Location Current Location Date acquired Serial Enumeration / chronology Barcode Date last seen Price effective from Koha item type
        Indian Institute of Public Administration Indian Institute of Public Administration 2018-07-19 Volume no: 22, AR4996 2018-07-19 2018-07-19 Articles

Powered by Koha